000 00631cam a2200145 4500500
005 20260208010149.0
041 _afre
042 _adc
100 1 0 _aL’Aminot, Tanguy
_eauthor
245 0 0 _aARNAUD TRIPET, Jean-Jacques Rousseau : la tension et le rythme. Paris, Classiques Garnier, collection « L’Europe des Lumières », 2012. Un vol. de 186 p.
260 _c2014.
500 _a14
786 0 _nRevue d'histoire littéraire de la France | 114 | 2 | 2014-04-14 | p. 460g-472g | 0035-2411
856 4 1 _uhttps://shs.cairn.info/revue-d-histoire-litteraire-de-la-france-2014-2-page-460g?lang=fr&redirect-ssocas=7080
999 _c1655372
_d1655372